Top 100 Best Nations In The World - Statistics

General Stats
  • This quiz has been taken 226 times
    196 since last reset
  • The average score is 65 of 100
Answer Stats
Ranking Answer % Correct
1 Brazil
93%
2 Argentina
92%
13 USA
91%
80 China PR
90%
3 France
88%
9 Portugal
88%
37 Russia
87%
10 Spain
87%
14 Germany
86%
8 Italy
86%
53 Canada
85%
20 Japan
85%
23 Sweden
84%
27 Australia
83%
5 England
83%
25 Korea Republic
83%
15 Mexico
82%
16 Uruguay
82%
4 Belgium
81%
44 Türkiye
81%
43 Norway
80%
22 Poland
80%
6 Netherlands
79%
17 Colombia
78%
7 Croatia
78%
26 Ukraine
78%
39 Egypt
77%
34 Austria
76%
31 Chile
76%
18 Denmark
76%
56 Finland
76%
51 Greece
76%
46 Paraguay
76%
55 Venezuela
76%
11 Morocco
74%
38 Czechia
73%
12 Switzerland
73%
24 IR Iran
72%
21 Peru
72%
52 Romania
72%
49 Saudi Arabia
72%
29 Serbia
72%
67 South Africa
72%
63 Iceland
71%
82 Bolivia
70%
71 Bulgaria
68%
68 Iraq
68%
35 Nigeria
68%
54 Slovakia
68%
40 Algeria
67%
36 Hungary
67%
76 Israel
67%
60 Qatar
67%
57 Bosnia and Herzegovina
66%
42 Scotland
66%
28 Wales
66%
32 Costa Rica
65%
62 Slovenia
64%
41 Ecuador
63%
70 United Arab Emirates
63%
61 Panama
62%
19 Senegal
61%
30 Tunisia
61%
97 Belarus
60%
33 Cameroon
60%
78 Georgia
58%
58 Ghana
58%
92 Luxembourg
58%
69 Montenegro
58%
65 North Macedonia
58%
90 Syria
58%
96 Vietnam
58%
66 Albania
57%
81 Honduras
57%
95 Armenia
56%
47 Côte d'Ivoire
56%
64 Jamaica
56%
75 Oman
56%
45 Mali
55%
74 El Salvador
51%
79 Gabon
51%
100 Lebanon
50%
87 Haiti
47%
99 Congo
46%
84 Jordan
46%
88 Zambia
46%
85 Bahrain
45%
59 Northern Ireland
45%
89 Uganda
43%
91 Benin
41%
83 Guinea
41%
77 Uzbekistan
39%
50 Burkina Faso
37%
73 Congo DR
37%
98 Equatorial Guinea
28%
72 Cabo Verde
22%
94 Kyrgyz Republic
22%
93 Palestine
22%
48 Republic of Ireland
8%
86 Curaçao
6%
No matching quizzes found
Score Distribution
Percent of People with Each Score
Percentile by Number Answered
Your Score History
You have not taken this quiz since the last reset